000
00327 a2200145 4500
001
156889
020
_a
9788573195484
040
_c
Escola São Tomás de Aquino
100
_a
FRANÇA, Mary
240
1
0
_a
A vaca malhada!
_l
por
245
1
0
_a
A vaca malhada!
362
0
_a
2007
697
_a
*LITERATURA INFANTIL
942
_c
BK
999
_c
156889
_d
156889